International total occupancy cost code (Record no. 106648)
[ view plain ]
| 000 -LEADER | |
|---|---|
| fixed length control field | 01136cam a2200205 4500 |
| 001 - CONTROL NUMBER | |
| control field | L137120 |
| 008 - FIXED-LENGTH DATA ELEMENTS--GENERAL INFORMATION | |
| fixed length control field | 070315s2006 xxk f 000 0 eng d |
| 035 ## - SYSTEM CONTROL NUMBER | |
| System control number | (Sirsi) u137120 |
| 041 0# - LANGUAGE CODE | |
| Language code of text/sound track or separate title | eng |
| 110 2# - MAIN ENTRY--CORPORATE NAME | |
| Corporate name or jurisdiction name as entry element | IPD Occupiers |
| 9 (RLIN) | 5090 |
| 245 00 - TITLE STATEMENT | |
| Title | International total occupancy cost code |
| Medium | [electronic resource] |
| 260 ## - PUBLICATION, DISTRIBUTION, ETC. | |
| Date of publication, distribution, etc. | 2006 |
| 505 2# - FORMATTED CONTENTS NOTE | |
| Formatted contents note | Approach -- Cost definitions -- Applying the Code -- Putting the code to work -- Cost code reconciliation guide -- Cost Mapping Guide |
| 520 ## - SUMMARY, ETC. | |
| Summary, etc. | Provides an industry standard approach to the collection and analysis of corporate property costs. Gives advice on property costs and the communication of the findings to others in the business. Contains case studies to illustrate how the Code has been used to better measure and manage the costs associated with running large corporate estates. |
| 590 ## - LOCAL NOTE (RLIN) | |
| Local note | KA |
| 651 #4 - SUBJECT ADDED ENTRY--GEOGRAPHIC NAME | |
| Geographic name | England and Wales |
| Chronological subdivision | 1543- |
| 690 ## - LOCAL SUBJECT ADDED ENTRY--TOPICAL TERM (OCLC, RLIN) | |
| Topical term or geographic name as entry element | PROPERTY-COMMERCIAL PROPERTY-COMMERCIAL PROPERTY MANAGEMENT-COMMERCIAL PROPERTY OCCUPANCY COSTS |
| 856 40 - ELECTRONIC LOCATION AND ACCESS | |
| Uniform Resource Identifier | <a href="https://www.ipdglobal.com/">https://www.ipdglobal.com/</a> |
| Public note | View the item free of charge after registration at www.ipdglobal.com... |
| 942 ## - ADDED ENTRY ELEMENTS (KOHA) | |
| Suppress in OPAC | 0 |
| Withdrawn status | Lost status | Source of classification or shelving scheme | Damaged status | Not for loan | Home library | Current library | Shelving location | Date acquired | Total Checkouts | Full call number | Barcode | Date last seen | Copy number | Price effective from | Koha item type |
|---|---|---|---|---|---|---|---|---|---|---|---|---|---|---|---|
| Dewey Decimal Classification | Virtual | Virtual | Online | 15/03/2007 | ONLINE PUBLICATION | 137120-2001 | 06/08/2019 | 1 | 06/08/2019 | Book |